| 000 | 00897nam a2200241Ia 4500 | ||
|---|---|---|---|
| 003 | OSt | ||
| 005 | 20220923223453.0 | ||
| 006 | a|||||r|||| 00| 0 | ||
| 007 | ta | ||
| 008 | 220922b |||||||| |||| 00| 0 hin d | ||
| 024 | _a217,142 | ||
| 037 | _cTextual | ||
| 040 |
_aARTS _cARTS _bhin |
||
| 041 |
_2hin _ahin |
||
| 082 | _aV2y7M97, 152N7 | ||
| 100 |
_aगुप्त, विश्वप्रकाश; गुप्ता, मोहिनी _9167449 |
||
| 245 | 0 |
_aसुभाष चन्द्र बोस _b व्यक्ति और विचार |
|
| 246 | _aSubhāṣh chandra bosa: vyakti aur vichāra | ||
| 260 |
_aनयी दिल्ली _b राधा _c1997 |
||
| 300 |
_a334i` _ccm. |
||
| 942 |
_hV2y7M97, 152N7 _cTEXL _2CC |
||
| 999 |
_c365556 _d365556 |
||